[Event "Czech Fed-ch opA"]
[Site "Hrdonov"]
[Date "2013.11.02"]
[Round "9"]
[White "Franc, Ondrej"]
[Black "Gruber, Milos"]
[Result "0-1"]
[WhiteElo "1909"]
[BlackElo "1932"]
[PlyCount "86"]
[EventDate "2013.10.26"]
[EventType "swiss"]
[EventRounds "9"]
[EventCountry "CZE"]
[SourceTitle "EXT 2016"]
[Source "ChessBase"]
[SourceDate "2015.10.08"]
[SourceVersion "1"]
[SourceVersionDate "2015.10.08"]
[SourceQuality "1"]

1. d4 Nf6 2. c4 g6 3. Nc3 d5 4. cxd5 Nxd5 5. e4 Nxc3 6. bxc3 Bg7 7. Bc4 c5 8. Ne2 Nc6 9. Be3 cxd4 10. cxd4 0-0 11. 0-0 b6 12. Rc1 Bb7 13. f3 Rc8 14. Qd2 Qd7 15. Rfd1 Na5 16. Bb3 Nxb3 17. axb3 Rxc1 18. Rxc1 Rc8 19. Rxc8+ Qxc8 20. Qc3 Qd7 21. Qc4 b5 22. Qc5 a6 23. Bf4 h6 24. Kf2 g5 25. Bg3 e6 26. Bd6 f5 27. e5 Qc6 28. b4 h5 29. h3 h4 30. Be7 Bh6 31. Bf6 Bf8 32. Qxc6 Bxc6 33. Bxg5 Bxb4 34. Nf4 Kf7 35. Ke2 a5 36. Bxh4 a4 37. Kd3 a3 38. Kc2 Bd2 39. Bg5 b4 40. Nxe6 Ba4+ 41. Kb1 Bc3 42. Nc5 b3 43. e6+ Ke8 0-1

[Event "Czech Fed-ch opA"]
[Site "Hrdonov"]
[Date "2013.10.29"]
[Round "4"]
[White "Franc, Ondrej"]
[Black "Bobek, Daniel"]
[Result "1/2-1/2"]
[WhiteElo "1909"]
[BlackElo "1694"]
[PlyCount "77"]
[EventDate "2013.10.26"]
[EventType "swiss"]
[EventRounds "9"]
[EventCountry "CZE"]
[SourceTitle "EXT 2016"]
[Source "ChessBase"]
[SourceDate "2015.10.08"]
[SourceVersion "1"]
[SourceVersionDate "2015.10.08"]
[SourceQuality "1"]

1. d4 Nf6 2. c4 e6 3. Nc3 Bb4 4. Nf3 c5 5. e3 Nc6 6. Bd3 0-0 7. 0-0 d5 8. cxd5 Nxd5 9. Nxd5 Qxd5 10. e4 Qd6 11. a3 Ba5 12. dxc5 Qxc5 13. b4 Qc3 14. Qc2 Qxc2 15. Bxc2 Bb6 16. Bb2 Rd8 17. Rad1 Bd7 18. e5 Ne7 19. Ng5 h6 20. Ne4 Bc6 21. a4 a6 22. Nd6 Bc7 23. b5 axb5 24. Nxb5 Bxb5 25. axb5 Ra2 26. Rxd8+ Bxd8 27. Rb1 Nd5 28. Bb3 Ra5 29. Bxd5 exd5 30. Bc3 Ra2 31. g3 Bb6 32. Rb2 Rxb2 33. Bxb2 Bc5 34. Kf1 Kf8 35. Ke2 Ke7 36. f4 Ke6 37. Kf3 h5 38. h3 g6 39. g4 1/2-1/2

[Event "Hrdonov Fontana op"]
[Site "Hrdonov"]
[Date "2012.10.23"]
[Round "4"]
[White "Havlik, Jindrich"]
[Black "Franc, Ondrej"]
[Result "1/2-1/2"]
[WhiteElo "2158"]
[BlackElo "1803"]
[PlyCount "34"]
[EventDate "2012.10.20"]
[EventType "swiss"]
[EventRounds "9"]
[EventCountry "CZE"]
[SourceTitle "CBM 151 Extra"]
[Source "ChessBase"]
[SourceDate "2012.12.18"]
[SourceVersion "1"]
[SourceVersionDate "2012.12.18"]
[SourceQuality "1"]

1. e4 e5 2. Nc3 Nc6 3. g3 Bc5 4. Bg2 d6 5. Na4 Bb6 6. Ne2 f5 7. Nxb6 axb6 8. exf5 Bxf5 9. 0-0 Nf6 10. d3 0-0 11. Nc3 Qd7 12. Re1 Rae8 13. Nd5 Nxd5 14. Bxd5+ Be6 15. Bxe6+ Rxe6 16. c3 Rg6 17. Qh5 Qf7 1/2-1/2

[Event "Hrdonov Fontana op"]
[Site "Hrdonov"]
[Date "2012.10.20"]
[Round "1"]
[White "Franc, Ondrej"]
[Black "Slampa, Jan"]
[Result "0-1"]
[WhiteElo "1803"]
[BlackElo "2024"]
[PlyCount "64"]
[EventDate "2012.10.20"]
[EventType "swiss"]
[EventRounds "9"]
[EventCountry "CZE"]
[SourceTitle "CBM 151 Extra"]
[Source "ChessBase"]
[SourceDate "2012.12.18"]
[SourceVersion "1"]
[SourceVersionDate "2012.12.18"]
[SourceQuality "1"]

1. d4 Nf6 2. c4 e6 3. Nc3 Bb4 4. Nf3 c5 5. e3 0-0 6. Bd3 Bxc3+ 7. bxc3 d6 8. 0-0 Qe7 9. e4 e5 10. Bg5 Bg4 11. d5 h6 12. Bxf6 Qxf6 13. Be2 Nd7 14. Nd2 Bxe2 15. Qxe2 Qe7 16. a4 f5 17. f3 f4 18. Rfb1 b6 19. Rb2 h5 20. Nb1 g5 21. a5 Kf7 22. Na3 Rg8 23. Nb5 g4 24. axb6 axb6 25. Rba2 Rad8 26. Ra7 Qf6 27. Nc7 Ke7 28. Rb7 Qh4 29. Raa7 gxf3 30. Qxf3 Qe1+ 31. Qf1 Rxg2+ 32. Kxg2 Rg8+ 0-1

[Event "CZE-ch Juniors op-B"]
[Site "Kouty nad Desnou"]
[Date "2009.03.11"]
[Round "6"]
[White "Franc, Ondrej"]
[Black "Oplustil, Vladimir"]
[Result "0-1"]
[WhiteElo "1532"]
[BlackElo "1831"]
[PlyCount "62"]
[EventDate "2009.03.07"]
[EventType "swiss"]
[EventRounds "9"]
[EventCountry "CZE"]
[SourceTitle "EXT 2011"]
[Source "ChessBase"]
[SourceDate "2010.11.26"]
[SourceVersion "1"]
[SourceVersionDate "2010.11.26"]
[SourceQuality "1"]

1. d4 d5 2. c4 e6 3. Nf3 Nf6 4. Bg5 c6 5. Nc3 Nbd7 6. e3 Qa5 7. cxd5 exd5 8. Qd2 Bb4 9. Bxf6 Nxf6 10. Bd3 Ne4 11. Bxe4 dxe4 12. Ne5 Be6 13. h3 0-0 14. a3 f6 15. Ng4 h5 16. Nh2 f5 17. Nf1 f4 18. exf4 Bxc3 19. bxc3 Rxf4 20. Ng3 Raf8 21. 0-0 h4 22. Ne2 R4f6 23. Qe3 Qh5 24. Rab1 b5 25. Rb2 Qg6 26. Kh1 Rf3 27. Qd2 Rxf2 28. Rg1 Bxh3 29. gxh3 Qf5 30. Qe3 Rf3 31. Ng3 hxg3 0-1

[Event "CZE-ch Juniors op-B"]
[Site "Kouty nad Desnou"]
[Date "2009.03.09"]
[Round "4"]
[White "Musil, Jiri"]
[Black "Franc, Ondrej"]
[Result "1/2-1/2"]
[WhiteElo "1803"]
[BlackElo "1532"]
[PlyCount "107"]
[EventDate "2009.03.07"]
[EventType "swiss"]
[EventRounds "9"]
[EventCountry "CZE"]
[SourceTitle "EXT 2011"]
[Source "ChessBase"]
[SourceDate "2010.11.26"]
[SourceVersion "1"]
[SourceVersionDate "2010.11.26"]
[SourceQuality "1"]

1. e4 e5 2. Nf3 Nc6 3. Bb5 a6 4. Ba4 Nf6 5. d3 b5 6. Bb3 Bc5 7. Bg5 d6 8. Nc3 Na5 9. Nd5 Nxb3 10. axb3 c6 11. Nxf6+ gxf6 12. Bh4 Rg8 13. 0-0 Bh3 14. Ne1 Bg4 15. Qd2 Rg6 16. Kh1 Kd7 17. f3 Be6 18. f4 Rg4 19. g3 exf4 20. Rxf4 Qg8 21. Ng2 d5 22. Bxf6 Qg6 23. d4 Bb6 24. Re1 Re8 25. exd5 Bxd5 26. Rxe8 Kxe8 27. Qe2+ Be6 28. Rxg4 Qxg4 29. Qxg4 Bxg4 30. b4 Kd7 31. Nf4 Bc7 32. Be5 Bd8 33. Nd3 Bf5 34. Nc5+ Kc8 35. c3 a5 36. bxa5 Bxa5 37. Nb3 Bb6 38. Kg2 Kd7 39. Kf3 Ke6 40. Bf4 Kd5 41. Nd2 Bd8 42. h4 h5 43. Be5 Be7 44. b3 f6 45. c4+ Ke6 46. Bc7 Bb4 47. Ne4 Bg4+ 48. Kf4 Bd1 49. d5+ cxd5 50. cxd5+ Kxd5 51. Nxf6+ Ke6 52. Bd8 Bd2+ 53. Ke4 Be1 54. Kf4 1/2-1/2

[Event "CZE-ch U14"]
[Site "Sec u Chrudimi"]
[Date "2008.10.30"]
[Round "7"]
[White "Holub, Jan1111"]
[Black "Franc, Ondrej"]
[Result "1/2-1/2"]
[WhiteElo "1347"]
[BlackElo "1508"]
[PlyCount "48"]
[EventDate "2008.10.25"]
[EventType "swiss"]
[EventRounds "9"]
[EventCountry "CZE"]
[SourceTitle "EXT 2022"]
[Source "ChessBase"]
[SourceDate "2021.10.06"]
[SourceVersion "1"]
[SourceVersionDate "2021.10.06"]
[SourceQuality "1"]

1. e4 e5 2. Nf3 Nc6 3. Bc4 Nf6 4. d3 Be7 5. Nc3 d6 6. h3 0-0 7. 0-0 Na5 8. Bb3 Nxb3 9. axb3 c6 10. d4 exd4 11. Nxd4 d5 12. e5 Nd7 13. Nf3 Bb4 14. Bd2 Re8 15. Re1 Nc5 16. Na4 Bxd2 17. Qxd2 Ne4 18. Qd4 Ng5 19. Re3 Ne6 20. Qd2 b5 21. Nc3 Qb6 22. Ree1 Bb7 23. Rad1 Rad8 24. Ne2 c5 1/2-1/2

[Event "CZE-ch U14"]
[Site "Sec u Chrudimi"]
[Date "2008.10.28"]
[Round "5"]
[White "Franc, Ondrej"]
[Black "Slampa, Jan"]
[Result "1/2-1/2"]
[WhiteElo "1508"]
[BlackElo "1652"]
[PlyCount "102"]
[EventDate "2008.10.25"]
[EventType "swiss"]
[EventRounds "9"]
[EventCountry "CZE"]
[SourceTitle "EXT 2022"]
[Source "ChessBase"]
[SourceDate "2021.10.06"]
[SourceVersion "1"]
[SourceVersionDate "2021.10.06"]
[SourceQuality "1"]

1. d4 Nf6 2. c4 g6 3. Nc3 Bg7 4. Nf3 0-0 5. e4 d6 6. Be2 Nbd7 7. 0-0 e5 8. Be3 Qe7 9. Qc2 Re8 10. d5 Nf8 11. Nd2 Ng4 12. Qd3 Nxe3 13. Qxe3 f5 14. f3 h5 15. b4 Nh7 16. c5 f4 17. Qf2 g5 18. g3 fxg3 19. hxg3 Rf8 20. Nb3 g4 21. Qh2 Qg5 22. Nd1 gxf3 23. Rxf3 Bg4 24. Rxf8+ Rxf8 25. Bxg4 Qxg4 26. Qg2 Ng5 27. Nd2 Nf3+ 28. Nxf3 Rxf3 29. Nf2 Qxg3 30. Qxg3 Rxg3+ 31. Kh2 h4 32. cxd6 cxd6 33. a4 Bh6 34. Rg1 Bf4 35. Kh1 Kf7 36. Rxg3 hxg3 37. Nh3 a6 38. Ng1 b5 39. axb5 axb5 40. Nf3 Kg6 41. Nh4+ Kh5 42. Nf5 Kg4 43. Kg2 Bd2 44. Nxd6 Bxb4 45. Nxb5 Kf4 46. d6 Kxe4 47. d7 Be7 48. Nd6+ Kf4 49. Nb5 Kg4 50. Nc3 Bd8 51. Ne2 Kf5 1/2-1/2

[Event "CZE-ch U14"]
[Site "Sec u Chrudimi"]
[Date "2008.10.27"]
[Round "3"]
[White "Franc, Ondrej"]
[Black "Cizinsky, Petr"]
[Result "0-1"]
[WhiteElo "1508"]
[BlackElo "1998"]
[PlyCount "44"]
[EventDate "2008.10.25"]
[EventType "swiss"]
[EventRounds "9"]
[EventCountry "CZE"]
[SourceTitle "EXT 2022"]
[Source "ChessBase"]
[SourceDate "2021.10.06"]
[SourceVersion "1"]
[SourceVersionDate "2021.10.06"]
[SourceQuality "1"]

1. d4 d5 2. c4 e6 3. e3 Nf6 4. Nf3 Be7 5. Nc3 0-0 6. Be2 b6 7. 0-0 Nbd7 8. b3 Re8 9. Bb2 Bb7 10. Qc2 c6 11. cxd5 exd5 12. Rfd1 Bd6 13. Bd3 Qe7 14. Re1 Ne4 15. Nd2 Bxh2+ 16. Kh1 Qh4 17. Ncxe4 dxe4 18. Bxe4 Bg3+ 19. Kg1 Bxf2+ 20. Kf1 Bxe1 21. Rxe1 Rxe4 22. Qxe4 Ba6+ 0-1

[Event "CZE-ch U14"]
[Site "Sec u Chrudimi"]
[Date "2008.10.26"]
[Round "2"]
[White "Papay, Marek"]
[Black "Franc, Ondrej"]
[Result "1/2-1/2"]
[WhiteElo "1836"]
[BlackElo "1508"]
[PlyCount "38"]
[EventDate "2008.10.25"]
[EventType "swiss"]
[EventRounds "9"]
[EventCountry "CZE"]
[SourceTitle "EXT 2022"]
[Source "ChessBase"]
[SourceDate "2021.10.06"]
[SourceVersion "1"]
[SourceVersionDate "2021.10.06"]
[SourceQuality "1"]

1. d4 d5 2. c4 e6 3. Nc3 Nf6 4. Bg5 Be7 5. e3 0-0 6. Nf3 b6 7. Bd3 Bb7 8. 0-0 c5 9. cxd5 cxd4 10. Nxd4 Nxd5 11. Bxe7 Qxe7 12. Nxd5 Bxd5 13. Qc2 h6 14. Be4 Bxe4 15. Qxe4 Nd7 16. Rfd1 Nf6 17. Qf3 Nd5 18. Rac1 Rac8 19. h3 Qb7 1/2-1/2

[Event "Ricany op-B"]
[Site "Ricany"]
[Date "2008.08.27"]
[Round "6"]
[White "Mala, Anna"]
[Black "Franc, Ondrej"]
[Result "0-1"]
[WhiteElo "1423"]
[BlackElo "1598"]
[PlyCount "33"]
[EventDate "2008.08.23"]
[EventType "swiss"]
[EventRounds "9"]
[EventCountry "CZE"]
[SourceTitle "CBM 126 Extra"]
[Source "ChessBase"]
[SourceDate "2008.11.05"]
[SourceVersion "1"]
[SourceVersionDate "2008.11.05"]
[SourceQuality "1"]

1. e4 e5 2. Nf3 Nc6 3. Bb5 a6 4. Ba4 Nf6 5. 0-0 b5 6. Bb3 Bc5 7. Re1 d6 8. h3 0-0 9. c3 h6 10. d3 Re8 11. Nbd2 Bb7 12. Bc2 Qd7 13. Nb3 Bb6 14. d4 exd4 15. cxd4 Nb4 16. d5 Nxc2 17. Qxc2 0-1

[Event "Ricany op-B"]
[Site "Ricany"]
[Date "2008.08.24"]
[Round "2"]
[White "Kalvach, Ladislav"]
[Black "Franc, Ondrej"]
[Result "1-0"]
[WhiteElo "1881"]
[BlackElo "1598"]
[PlyCount "75"]
[EventDate "2008.08.23"]
[EventType "swiss"]
[EventRounds "9"]
[EventCountry "CZE"]
[SourceTitle "CBM 126 Extra"]
[Source "ChessBase"]
[SourceDate "2008.11.05"]
[SourceVersion "1"]
[SourceVersionDate "2008.11.05"]
[SourceQuality "1"]

1. e4 e5 2. Nf3 Nc6 3. Bc4 Nf6 4. d3 Bc5 5. 0-0 0-0 6. c3 d6 7. b4 Bb6 8. a4 a6 9. h3 Ne7 10. Re1 Ng6 11. d4 h6 12. Nbd2 Re8 13. Qc2 c6 14. d5 Qc7 15. Ba3 Nf4 16. dxc6 bxc6 17. Rac1 Bb7 18. Bf1 d5 19. exd5 cxd5 20. c4 dxc4 21. Qxc4 Rac8 22. Qb3 Qb8 23. Rxc8 Bxc8 24. Nc4 Bc7 25. b5 axb5 26. axb5 Be6 27. b6 Nd7 28. Rb1 Bxb6 29. Qb5 Bxc4 30. Bxc4 Qa7 31. Bd6 Bxf2+ 32. Kh2 e4 33. Ne5 Ne6 34. Nxd7 Rd8 35. Bxe6 fxe6 36. Bc5 Qc7+ 37. Kh1 Bg3 38. Rd1 1-0

[Event "CZE-ch Juniors op-B"]
[Site "Sec u Chrudimi"]
[Date "2008.03.14"]
[Round "8"]
[White "Franc, Ondrej"]
[Black "Hlavsa, Filip"]
[Result "1-0"]
[WhiteElo "1461"]
[BlackElo "1719"]
[PlyCount "38"]
[EventDate "2008.03.08"]
[EventType "swiss"]
[EventRounds "9"]
[EventCountry "CZE"]
[SourceTitle "EXT 2009"]
[Source "ChessBase"]
[SourceDate "2008.11.26"]
[SourceVersion "1"]
[SourceVersionDate "2008.11.26"]
[SourceQuality "1"]

1. d4 Nf6 2. c4 g6 3. Nf3 Bg7 4. e3 d6 5. Nc3 c6 6. Be2 Qc7 7. 0-0 0-0 8. Qc2 e5 9. dxe5 dxe5 10. e4 a5 11. Bg5 h6 12. Bxf6 Bxf6 13. Qc1 Kh7 14. h3 Nd7 15. Qc2 Nc5 16. Na4 Nxa4 17. Qxa4 b6 18. Qc2 Bg5 19. Bd3 f5 1-0

[Event "CZE-ch U14"]
[Site "Sec u Chrudimi"]
[Date "2007.10.25"]
[Round "7"]
[White "Suchomel, Ales"]
[Black "Franc, Ondrej"]
[Result "1-0"]
[WhiteElo "1610"]
[BlackElo "1413"]
[PlyCount "97"]
[EventDate "2007.10.20"]
[EventType "swiss"]
[EventRounds "9"]
[EventCountry "CZE"]
[SourceTitle "EXT 2022"]
[Source "ChessBase"]
[SourceDate "2021.10.06"]
[SourceVersion "1"]
[SourceVersionDate "2021.10.06"]
[SourceQuality "1"]

1. d4 d5 2. Nf3 Nf6 3. Bg5 e6 4. e3 c5 5. c3 Nc6 6. Bd3 cxd4 7. exd4 Be7 8. Nbd2 0-0 9. 0-0 b6 10. Rc1 Bb7 11. Bb1 h6 12. Bh4 Nd7 13. Qc2 g6 14. Bg3 Nf6 15. Rfe1 Rc8 16. Qd3 Nh5 17. Rxe6 Bf6 18. Ree1 Nxg3 19. hxg3 Re8 20. a3 Qd7 21. Ba2 Nb8 22. Nf1 Ba6 23. Qd2 Bc4 24. Bxc4 dxc4 25. Qxh6 Rxe1 26. Rxe1 Nc6 27. Qd2 b5 28. Ne3 Na5 29. Qc2 Nb3 30. Nd2 Nxd2 31. Qxd2 Bg5 32. Qe2 Bxe3 33. Qxe3 Rc6 34. Qe8+ Qxe8 35. Rxe8+ Kg7 36. Re5 a6 37. Kf1 Rd6 38. Ke2 Kf6 39. Kf3 Kg7 40. Re8 Kf6 41. Ke4 Rd7 42. d5 Re7+ 43. Rxe7 Kxe7 44. Kd4 Kd6 45. g4 f6 46. g3 a5 47. f3 a4 48. g5 fxg5 49. g4 1-0

[Event "CZE-ch U14"]
[Site "Sec u Chrudimi"]
[Date "2007.10.22"]
[Round "4"]
[White "Franc, Ondrej"]
[Black "Lorenc, David"]
[Result "1-0"]
[WhiteElo "1413"]
[BlackElo "1602"]
[PlyCount "69"]
[EventDate "2007.10.20"]
[EventType "swiss"]
[EventRounds "9"]
[EventCountry "CZE"]
[SourceTitle "EXT 2022"]
[Source "ChessBase"]
[SourceDate "2021.10.06"]
[SourceVersion "1"]
[SourceVersionDate "2021.10.06"]
[SourceQuality "1"]

1. d4 Nf6 2. c4 c5 3. e3 g6 4. Nf3 Bg7 5. Nc3 0-0 6. Be2 cxd4 7. exd4 d5 8. b3 Nc6 9. Bb2 Bf5 10. 0-0 Rc8 11. Rc1 a6 12. a4 Re8 13. Qd2 Ng4 14. Nxd5 Bh6 15. Ne3 Qc7 16. h3 Nxe3 17. fxe3 Qg3 18. d5 Bxh3 19. Rf2 Nb8 20. Be5 Qg4 21. Rc3 Nd7 22. Nh2 Qg5 23. Bf4 Qh4 24. Bxh6 Bf5 25. Bf4 Nf6 26. Nf3 Qg4 27. Nd4 Qh4 28. Nxf5 gxf5 29. Bf3 Nd7 30. Qd4 Nc5 31. g3 Qf6 32. Qxf6 exf6 33. Bd6 Nd7 34. Bg2 Rcd8 35. Rxf5 1-0

[Event "CZE-ch Juniors op-B"]
[Site "Sec u Chrudimi"]
[Date "2007.03.10"]
[Round "1"]
[White "Franc, Ondrej"]
[Black "Rezac, Jindrich"]
[Result "1/2-1/2"]
[WhiteElo "1405"]
[BlackElo "1772"]
[PlyCount "112"]
[EventDate "2007.03.10"]
[EventType "swiss"]
[EventRounds "9"]
[EventCountry "CZE"]
[SourceTitle "EXT 2008"]
[Source "ChessBase"]
[SourceDate "2007.11.25"]
[SourceVersion "1"]
[SourceVersionDate "2007.11.25"]
[SourceQuality "1"]

1. e4 c5 2. Nc3 Nc6 3. Nf3 g6 4. Bc4 Bg7 5. 0-0 d6 6. d3 Nf6 7. h3 0-0 8. Be3 a6 9. a4 e5 10. Qd2 Be6 11. Bxe6 fxe6 12. Bg5 Qd7 13. Bxf6 Bxf6 14. Ne2 b5 15. b3 b4 16. Ra2 Nd4 17. Nexd4 exd4 18. Re1 e5 19. Rf1 Qe7 20. Raa1 Rf7 21. Rae1 Raf8 22. Re2 Rg7 23. Nh2 Bg5 24. Qd1 Bf4 25. Nf3 Bh6 26. Qe1 g5 27. Nh2 Rg6 28. f3 Bg7 29. g4 Rf4 30. Ref2 Rgf6 31. Qe2 Qf7 32. Kg2 h5 33. Rh1 Rh6 34. Kg1 Qg6 35. Qf1 Bf8 36. Rg2 Rf7 37. Rg3 Qf6 38. Qc1 Qf4 39. Kf2 Be7 40. Qxf4 Rxf4 41. Ke2 Kf7 42. Nf1 hxg4 43. Rxg4 Rh4 44. Rxf4+ gxf4 45. Kf2 Rh6 46. Kg2 Bh4 47. Nh2 Rg6+ 48. Ng4 Ke6 49. Rh2 d5 50. Rh1 Kd6 51. Rf1 c4 52. exd5 cxb3 53. cxb3 Kxd5 54. Rc1 Be7 55. Rc7 Bd6 56. Rc4 Rg7 1/2-1/2